000 00626nam a22001817a 4500
999 _c175153
_d175153
005 20200811125548.0
010 _aENG-128337
020 _c499.00
_a9789353946951
035 _aEN-111869
037 _bDBAD/PUB
082 _a500
100 _aDhawan,Prem
245 _aCBSE Expert Question Bank Science/
_cby Prem Dhawan, R P Sharma and Rachna Gupta
260 _aNew Delhi
_bPearson
_c2021
270 _a15th floor,Tower-B,Word Trade Tower,Plot no.1,Block-C sec 16,
_bNoida
_e201301
_k04466540100
_mcompanysecretary.india@pearson.com
300 _avarious pages.
_c25cm(pbk)
942 _2ddc
_cEN
_h500
_mDHA